[Event "SportAccord Rapid Women 2012"]
[Site "Beijing CHN"]
[Date "2012.12.15"]
[Round "7.6"]
[White "Cmilyte, V."]
[Black "Zhao Xue"]
[Result "0-1"]
[WhiteElo "2524"]
[BlackElo "2565"]
[PlyCount "118"]
[EventDate "2012.12.14"]
[SourceDate "1999.07.01"]

1. d4 Nf6 2. c4 e6 3. Nc3 Bb4 4. Qc2 c5 5. dxc5 Qc7 6. Nf3 a6 7. e3 Bxc5 8. b3
Be7 9. Bb2 d6 10. Be2 Nbd7 11. O-O b6 12. Nd4 Bb7 13. a4 O-O 14. Ba3 Rac8 15.
Rac1 Rfe8 16. Qb1 Qb8 17. Bf3 Bxf3 18. Nxf3 Bf8 19. Rfd1 Red8 20. Rd2 h6 21. h3
Nc5 22. Rcd1 Qb7 23. Rd4 Be7 24. Rc1 Ne8 25. b4 Nd7 26. Qb3 Nef6 27. Rdd1 Rc7
28. b5 Nc5 29. Bxc5 Rxc5 30. Nd4 Rdc8 31. Nc6 R8xc6 32. bxc6 Qxc6 33. Ne2 Rg5
34. g3 Nd7 35. Nd4 Qb7 36. Qc2 Nc5 37. Rb1 Ne4 38. Kh2 Rc5 39. Nb3 Rc8 40. Na5
Qa8 41. Rxb6 Bd8 42. Rb7 Nc5 43. Rb2 Bxa5 44. Rxd6 Bc7 45. Rd1 Be5 46. Rb6 h5
47. f4 Bc7 48. Rb2 g6 49. Ra2 Qf3 50. Re1 Ba5 51. Qe2 Qe4 52. Rd1 Rb8 53. Rb2
Rxb2 54. Qxb2 Qxe3 55. Qg2 h4 56. gxh4 Bc7 57. h5 Bxf4+ 58. Kh1 Ne4 59. Rd8+
Kg7 0-1

[Event "Amplico ch-EUR Blitz"]
[Site "Warsaw POL"]
[Date "2012.12.14"]
[Round "9.1"]
[White "Bukavshin, I."]
[Black "Riazantsev, A."]
[Result "1-0"]
[WhiteElo "2510"]
[BlackElo "2705"]
[PlyCount "109"]
[EventDate "2012.12.14"]
[SourceDate "1999.07.01"]

1. d4 Nf6 2. c4 e6 3. Nc3 Bb4 4. Qc2 d6 5. e3 c5 6. Bd3 Nc6 7. Nge2 cxd4 8.
exd4 d5 9. O-O dxc4 10. Bxc4 O-O 11. Rd1 Ne7 12. Bg5 Nfd5 13. a3 Bxc3 14. bxc3
h6 15. Bh4 b6 16. Ba2 Bb7 17. Bb1 f5 18. c4 Nf6 19. f3 Rc8 20. Qb3 Ng6 21. Bf2
Kh8 22. a4 Qc7 23. Bd3 Rfe8 24. a5 Rb8 25. axb6 axb6 26. Rdb1 Bc6 27. Nc3 Nf4
28. Bf1 e5 29. d5 Bd7 30. Bxb6 Qc8 31. Qc2 e4 32. Be3 Ng6 33. f4 Ng4 34. Qd2
Nxe3 35. Qxe3 Qc7 36. g3 Rbc8 37. Ra7 Qd8 38. Qb6 Qe7 39. Be2 Nf8 40. Nb5 Rb8
41. Qd4 Rec8 42. Rba1 Qb4 43. Nc3 Qb2 44. R7a2 Qb4 45. Nd1 Qe7 46. Ne3 Rb3 47.
Ra7 Rcb8 48. R1a6 Rb1+ 49. Bf1 R1b7 50. Rxb7 Rxb7 51. c5 Rb1 52. c6 Bc8 53. Ra7
Qf6 54. Qxf6 gxf6 55. Ra8 1-0

[Event "Doroshkevicha Mem Open 2012"]
[Site "Sochi RUS"]
[Date "2012.12.02"]
[Round "7"]
[White "Malaniuk, V."]
[Black "Papin, V."]
[Result "1/2-1/2"]
[WhiteElo "2514"]
[BlackElo "2546"]
[PlyCount "23"]
[EventDate "2012.11.26"]
[SourceDate "1999.07.01"]

1. d4 Nf6 2. c4 e6 3. Nc3 Bb4 4. Qc2 c5 5. dxc5 Qc7 6. a3 Bxc5 7. b4 Be7 8. Nb5
Qc6 9. Nd4 Qc7 10. Nb5 Qc6 11. Nd4 Qc7 12. Nb5 1/2-1/2

[Event "TCh-HUN 2012-13"]
[Site "Nagykanizsa HUN"]
[Date "2012.12.02"]
[Round "5"]
[White "Ivanisevic, I."]
[Black "Gonda, L."]
[Result "1-0"]
[WhiteElo "2645"]
[BlackElo "2528"]
[PlyCount "52"]
[EventDate "2012.09.16"]
[SourceDate "1999.07.01"]
[WhiteTeam "Aquaprofit-NTSK"]
[BlackTeam "Dunaharaszti MTK"]

1. d4 Nf6 2. c4 e6 3. Nc3 Bb4 4. Qc2 O-O 5. Nf3 c5 6. e3 cxd4 7. exd4 d5 8. Bg5
h6 9. Bh4 Be7 10. Rd1 b6 11. cxd5 Nxd5 12. Bg3 Bb7 13. Be2 Nc6 14. O-O Rc8 15.
Qa4 Nxc3 16. bxc3 Na5 17. Rc1 Qe8 18. Qd1 Nc4 19. Ne5 Bd5 20. Re1 Nxe5 21. Bxe5
Ba3 22. Rc2 b5 23. Qd3 Qc6 24. Qg3 f6 25. Bf4 Kh7 26. c4 Be7 1-0

[Event "VIII Governor's Cup"]
[Site "Khanty-Mansiysk RUS"]
[Date "2012.11.16"]
[Round "2.11"]
[White "Shomoev, A."]
[Black "Jumabayev, R."]
[Result "1/2-1/2"]
[WhiteElo "2568"]
[BlackElo "2545"]
[PlyCount "80"]
[EventDate "2012.11.15"]
[SourceDate "1999.07.01"]

1. d4 Nf6 2. c4 e6 3. Nc3 Bb4 4. Qc2 O-O 5. Nf3 d5 6. a3 Bxc3+ 7. Qxc3 dxc4 8.
Qxc4 b6 9. Bg5 Ba6 10. Qa4 Bb7 11. Rd1 Nbd7 12. Ne5 c5 13. e3 cxd4 14. Rxd4 Nc5
15. Qd1 Qc7 16. Bf4 Qe7 17. b4 Nce4 18. f3 Nc3 19. Qd2 Nfd5 20. Bc4 f6 21. Ng4
Rfd8 22. Bg3 Rac8 23. e4 Nb1 24. Qb2 Ndc3 25. Rxd8+ Rxd8 26. O-O b5 27. Bxb5
Nxa3 28. Qxc3 Nxb5 29. Qc4 a6 30. Bf2 h5 31. Bc5 Qf7 32. Ne3 e5 33. Qxf7+ Kxf7
34. Rd1 Rxd1+ 35. Nxd1 g6 36. Kf2 Ke6 37. Ke3 Kf7 38. Kf2 Ke6 39. Ke3 Kf7 40.
Kf2 Ke6 1/2-1/2

[Event "Siberian Bank Cup"]
[Site "Novosibirsk RUS"]
[Date "2012.11.17"]
[Round "1"]
[White "Malakhov, V."]
[Black "Bareev, E."]
[Result "1/2-1/2"]
[WhiteElo "2709"]
[BlackElo "2663"]
[PlyCount "129"]
[EventDate "2012.11.17"]
[SourceDate "1999.07.01"]

1. d4 e6 2. c4 Nf6 3. Nc3 Bb4 4. Qc2 c5 5. dxc5 O-O 6. a3 Bxc5 7. Nf3 b6 8. Bf4
Nh5 9. Bg5 Be7 10. Bxe7 Qxe7 11. e3 Bb7 12. Be2 Na6 13. O-O Nf6 14. b4 Rfc8 15.
Rac1 Nc7 16. e4 d6 17. Nd4 Nd7 18. Qd2 Ne8 19. f4 a6 20. Rfd1 Rc7 21. Qe3 Rac8
22. Nf3 Nef6 23. h3 g6 24. e5 Ne8 25. Nd2 h6 26. exd6 Nxd6 27. Nce4 Nf5 28. Qf2
h5 29. Ng5 a5 30. Rb1 axb4 31. axb4 Rb8 32. Bd3 Ba8 33. Be4 Nd6 34. Bxa8 Rxa8
35. Qd4 Rac8 36. Nde4 Nxe4 37. Nxe4 e5 38. fxe5 Qxe5 39. Nd6 Qxd4+ 40. Rxd4 Ra8
41. Nb5 Rb7 42. Re1 Nf8 43. Rd6 Rc8 44. Rc1 Ne6 45. Rxe6 fxe6 46. Nd6 Rbc7 47.
Nxc8 Rxc8 48. Kf2 Kf7 49. Ke3 Ke7 50. Kf4 Kf6 51. c5 bxc5 52. bxc5 Rc6 53. Ke4
Ke7 54. Ke5 Ra6 55. c6 Ra5+ 56. Ke4 Kd8 57. c7+ Kc8 58. Rc6 Rg5 59. Kf3 h4 60.
Rxe6 Rg3+ 61. Kf2 Kxc7 62. Re4 g5 63. Re3 Rxe3 64. Kxe3 Kd6 65. Kf3 1/2-1/2

[Event "Siberian Bank Cup"]
[Site "Novosibirsk RUS"]
[Date "2012.11.17"]
[Round "5"]
[White "Nepomniachtchi, I."]
[Black "Maletin, P."]
[Result "1-0"]
[WhiteElo "2707"]
[BlackElo "2567"]
[PlyCount "95"]
[EventDate "2012.11.17"]
[SourceDate "1999.07.01"]

1. d4 Nf6 2. c4 e6 3. Nc3 Bb4 4. Qc2 O-O 5. a3 Bxc3+ 6. Qxc3 d6 7. Nf3 b6 8.
Bg5 Nbd7 9. Nd2 h6 10. Bh4 c5 11. f3 Ba6 12. e4 cxd4 13. Qxd4 Nc5 14. Be2 e5
15. Qf2 Ne6 16. O-O Nf4 17. Rfd1 g5 18. Bg3 N6h5 19. Nf1 Qe7 20. Ne3 Bc8 21.
Bf1 Be6 22. Rd2 Rad8 23. Rad1 Ng7 24. b4 f5 25. exf5 Nxf5 26. Nxf5 Bxf5 27. Qe3
Ne6 28. Bd3 Nd4 29. Bxf5 Nxf5 30. Qe4 Rc8 31. Bf2 Qe6 32. Rd5 Rfe8 33. h3 Rc6
34. Kh2 Qc8 35. c5 bxc5 36. bxc5 dxc5 37. Rd7 Ng7 38. Rxa7 Rc7 39. Bxc5 Rxa7
40. Bxa7 Qa8 41. Qc4+ Ne6 42. Rd7 Qc8 43. Qd3 Nf8 44. Qd5+ Kh8 45. Rd6 Kg7 46.
Bf2 Qc2 47. Bg3 Qc3 48. Rc6 1-0

[Event "Chigorin Mem Rapid"]
[Site "St Petersburg RUS"]
[Date "2012.10.25"]
[Round "4.4"]
[White "Al Sayed, Mohamad"]
[Black "Durarbayli, V."]
[Result "0-1"]
[WhiteElo "2511"]
[BlackElo "2584"]
[PlyCount "72"]
[EventDate "2012.10.25"]
[SourceDate "1999.07.01"]

1. d4 Nf6 2. c4 e6 3. Nc3 Bb4 4. Qc2 d5 5. a3 Bxc3+ 6. Qxc3 Ne4 7. Qc2 c5 8.
dxc5 Nc6 9. cxd5 exd5 10. e3 O-O 11. Nf3 Qa5+ 12. Bd2 Qxc5 13. Qxc5 Nxc5 14.
Rc1 Ne4 15. Bb5 Bd7 16. Bxc6 Bxc6 17. Nd4 Rfc8 18. f3 Nd6 19. Kf2 Nc4 20. Bc3
Bd7 21. Ne2 f6 22. Rhd1 Bc6 23. Nf4 Rd8 24. Rd4 Nd6 25. g4 Kf7 26. a4 Ne8 27.
Rcd1 Nc7 28. Ba5 b6 29. Rc1 bxa5 30. Rxc6 Rd7 31. b4 g5 32. Nh5 Ne6 33. b5 Nxd4
34. exd4 Ke7 35. Nxf6 Rd6 36. Rc7+ Kxf6 0-1

[Event "Chigorin Mem Rapid"]
[Site "St Petersburg RUS"]
[Date "2012.10.26"]
[Round "9.4"]
[White "Lysyj, I."]
[Black "Zhigalko, A."]
[Result "1-0"]
[WhiteElo "2628"]
[BlackElo "2582"]
[PlyCount "103"]
[EventDate "2012.10.25"]
[SourceDate "1999.07.01"]

1. d4 Nf6 2. c4 e6 3. Nc3 Bb4 4. Qc2 O-O 5. Nf3 d6 6. Bd2 c5 7. dxc5 Bxc5 8. g3
d5 9. cxd5 exd5 10. Bg2 Nc6 11. O-O h6 12. Na4 Bd6 13. Rfd1 Re8 14. Be1 Qe7 15.
Nc3 Bg4 16. Nxd5 Nxd5 17. Rxd5 Rad8 18. h3 Be6 19. Rdd1 Bc5 20. e3 Bd5 21. Bc3
Qe6 22. b3 Bxe3 23. Re1 Be4 24. Qb2 Bb6 25. Ng5 hxg5 26. Rxe4 Qd6 27. Rxe8+
Rxe8 28. Kh1 g4 29. h4 Qc5 30. Re1 Rd8 31. Rf1 f6 32. b4 Qc4 33. b5 Nd4 34.
Bxd4 Rxd4 35. Rc1 Qf7 36. Qe2 f5 37. Rc8+ Kh7 38. Rc1 Qd7 39. Rf1 Rd2 40. Qe5
Bxf2 41. a4 g6 42. a5 Bd4 43. Qe1 Bg7 44. b6 axb6 45. axb6 Rb2 46. Qe3 Qb5 47.
h5 gxh5 48. Qg5 f4 49. Be4+ Kg8 50. Bd5+ Kf8 51. Qd8+ Qe8 52. Rxf4+ 1-0

[Event "Chigorin Mem Rapid"]
[Site "St Petersburg RUS"]
[Date "2012.10.26"]
[Round "9.11"]
[White "Socko, B."]
[Black "Anisimov, P2."]
[Result "1-0"]
[WhiteElo "2619"]
[BlackElo "2541"]
[PlyCount "76"]
[EventDate "2012.10.25"]
[SourceDate "1999.07.01"]

1. d4 Nf6 2. c4 e6 3. Nc3 Bb4 4. Qc2 O-O 5. a3 Bxc3+ 6. Qxc3 b6 7. Nf3 Bb7 8.
e3 c5 9. b4 d6 10. Bb2 Ne4 11. Qc2 Nd7 12. Bd3 f5 13. O-O Rc8 14. Nd2 d5 15.
dxc5 bxc5 16. Rfd1 Qe7 17. b5 Nd6 18. a4 Nb6 19. a5 Nbxc4 20. Nxc4 Nxc4 21.
Bxc4 dxc4 22. Qxc4 Bd5 23. Qf4 Qb7 24. b6 axb6 25. a6 Qa7 26. f3 b5 27. Qe5 Qc7
28. a7 Qxe5 29. Bxe5 Rfd8 30. Ra5 b4 31. Bb8 b3 32. Rb5 c4 33. e4 fxe4 34.
Rdxd5 Rxd5 35. Rxd5 b2 36. Rb5 c3 37. Be5 c2 38. Bxb2 e3 1-0

[Event "Chigorin Memorial"]
[Site "St Petersburg RUS"]
[Date "2012.11.04"]
[Round "9.9"]
[White "Khismatullin, D."]
[Black "Grigoriants, S RUS."]
[Result "1/2-1/2"]
[WhiteElo "2638"]
[BlackElo "2578"]
[PlyCount "143"]
[EventDate "2012.10.27"]
[SourceDate "1999.07.01"]

1. d4 Nf6 2. c4 e6 3. Nc3 Bb4 4. Qc2 d5 5. a3 Bxc3+ 6. Qxc3 O-O 7. Nf3 dxc4 8.
Qxc4 b6 9. Bg5 Ba6 10. Qa4 Bb7 11. e3 h6 12. Bh4 Nbd7 13. Be2 c5 14. O-O cxd4
15. Nxd4 Nc5 16. Qd1 Qe7 17. f3 Rfd8 18. Qe1 Rac8 19. Rc1 Na4 20. b3 Nc5 21. b4
Ncd7 22. Qd2 Ne5 23. Rfd1 Rxc1 24. Qxc1 Rc8 25. Qa1 Ng6 26. Bf2 Nd5 27. Rc1 Qg5
28. Rxc8+ Bxc8 29. Bf1 Bd7 30. Qe1 e5 31. Nb3 Ba4 32. Nd2 Qd8 33. Qc1 Nc7 34.
Bc4 Qd7 35. h4 Ne8 36. Ne4 Bc6 37. Qc2 Ne7 38. Nc3 Nd6 39. Bb3 Ndf5 40. a4 Qd6
41. b5 Bb7 42. g4 Qg6 43. h5 Qg5 44. Ne4 Bxe4 45. Qxe4 Nd6 46. Qd3 Qf6 47. Kg2
g6 48. hxg6 Nxg6 49. Qd5 Ne7 50. Qa8+ Nec8 51. Qc6 h5 52. Qd7 e4 53. f4 hxg4
54. Qxg4+ Kf8 55. Qh5 Qg7+ 56. Qg5 Qb2 57. Qd5 Qg7+ 58. Kh3 Qh8+ 59. Kg2 Qg7+
60. Kf1 Qa1+ 61. Be1 Qa3 62. Bh4 Qc1+ 63. Ke2 Qb2+ 64. Kf1 Qc1+ 65. Kf2 Qb2+
66. Kg3 Qe2 67. Qe5 Qxe3+ 68. Kh2 Qe2+ 69. Kh3 Qf3+ 70. Kh2 Qe2+ 71. Kh3 Qf3+
72. Kh2 1/2-1/2

[Event "16th OIBM 2012"]
[Site "Bad Wiessee GER"]
[Date "2012.11.03"]
[Round "8.5"]
[White "Lupulescu, C."]
[Black "Chernyshov, K."]
[Result "1-0"]
[WhiteElo "2613"]
[BlackElo "2532"]
[PlyCount "71"]
[EventDate "2012.10.27"]
[SourceDate "1999.07.01"]

1. d4 Nf6 2. c4 e6 3. Nc3 Bb4 4. Qc2 O-O 5. e4 d6 6. a3 Bxc3+ 7. bxc3 e5 8. Bd3
Nc6 9. Ne2 Na5 10. O-O Be6 11. f4 Bxc4 12. fxe5 Nd7 13. exd6 cxd6 14. Bf4 Qe7
15. Ng3 g6 16. Rf3 Rfc8 17. Raf1 Bxd3 18. Qxd3 Nc4 19. Bh6 f6 20. h4 Rc7 21. h5
g5 22. e5 dxe5 23. Ne4 exd4 24. Nxf6+ Nxf6 25. Rxf6 Rcc8 26. Qf5 Ne3 27. Qxg5+
Kh8 28. Rf8+ Rxf8 29. Rxf8+ Rxf8 30. Qxe7 Rf1+ 31. Kh2 Ng4+ 32. Kh3 Nxh6 33.
Qe5+ Kg8 34. Qg5+ Kh8 35. Qxh6 dxc3 36. Qe3 1-0

[Event "TCh-AUT 2012-13"]
[Site "Hohenems AUT"]
[Date "2012.11.02"]
[Round "1.3"]
[White "Kuljasevic, D."]
[Black "Maksimenko, An"]
[Result "1/2-1/2"]
[WhiteElo "2561"]
[BlackElo "2543"]
[PlyCount "64"]
[EventDate "2012.11.02"]
[EventType "team"]
[SourceDate "1999.07.01"]
[WhiteTeam "ASVO Signum Siebdruck St.Veit"]
[BlackTeam "ASVO Wulkaprodersdorf"]

1. d4 Nf6 2. c4 e6 3. Nc3 Bb4 4. Qc2 O-O 5. e4 d5 6. e5 Ne4 7. a3 Bxc3+ 8. bxc3
c5 9. Bd3 cxd4 10. cxd4 Qa5+ 11. Kf1 f6 12. Bxe4 dxe4 13. exf6 Rxf6 14. Be3 Bd7
15. Ne2 Qa6 16. Ng3 Ba4 17. Qe2 Bc6 18. Nh5 Rf7 19. Nf4 Bd7 20. Rb1 Nc6 21. d5
Ne5 22. c5 Nd3 23. c6 Nxf4 24. Qxa6 bxa6 25. Bxf4 Rxf4 26. cxd7 exd5 27. Rb7
Raf8 28. Ke1 R4f7 29. Rxa7 d4 30. Rf1 Rd8 31. Ke2 Rfxd7 32. Rxa6 Rb8 1/2-1/2

[Event "TCh-AUT 2012-13"]
[Site "Hohenems AUT"]
[Date "2012.11.03"]
[Round "2.3"]
[White "Maksimenko, An"]
[Black "Schlosser, P."]
[Result "1/2-1/2"]
[WhiteElo "2543"]
[BlackElo "2579"]
[PlyCount "59"]
[EventDate "2012.11.02"]
[EventType "team"]
[SourceDate "1999.07.01"]
[WhiteTeam "ASVO Wulkaprodersdorf"]
[BlackTeam "SK Sparkasse Jenbach"]

1. d4 Nf6 2. c4 e6 3. Nc3 Bb4 4. Qc2 c5 5. dxc5 a6 6. Nf3 Qc7 7. g3 Qxc5 8. a3
Bxc3+ 9. Qxc3 d5 10. Bg2 Nbd7 11. b3 O-O 12. Be3 Qe7 13. Qb4 Qd8 14. O-O a5 15.
Qd2 b6 16. cxd5 Nxd5 17. Nd4 Bb7 18. Rfc1 Rc8 19. Rxc8 Qxc8 20. Rc1 Qa8 21.
Bxd5 Bxd5 22. Nb5 Qd8 23. Qb2 h6 24. Nc7 Bb7 25. b4 axb4 26. Qxb4 Qb8 27. Bxb6
Rc8 28. a4 Ba6 29. a5 Bxe2 30. Qd6 1/2-1/2

[Event "Trans-Europa-Schach-Express 2012"]
[Site "Potsdam GER"]
[Date "2012.10.13"]
[Round "1.1"]
[White "Short, N."]
[Black "Karpov, Ana"]
[Result "1/2-1/2"]
[WhiteElo "2707"]
[BlackElo "2616"]
[PlyCount "72"]
[EventDate "2012.10.13"]
[SourceDate "1999.07.01"]
[WhiteTeam "UK"]
[BlackTeam "RUS"]

1. d4 Nf6 2. c4 e6 3. Nc3 Bb4 4. Qc2 O-O 5. e4 d6 6. e5 dxe5 7. dxe5 Ng4 8. Nf3
Nc6 9. a3 Bxc3+ 10. Qxc3 f6 11. exf6 Qxf6 12. Qxf6 Nxf6 13. b4 e5 14. Bb2 Bg4
15. Be2 Rae8 16. h3 Bxf3 17. Bxf3 Nd4 18. Bxb7 Nc2+ 19. Ke2 Nxa1 20. Rxa1 Re6
21. g4 c6 22. Bc1 Rb8 23. Ba6 c5 24. b5 Ne8 25. Be3 Nc7 26. Bxc5 Nxa6 27. bxa6
Rxa6 28. Rc1 Rc8 29. Bb4 Ra4 30. Kd3 a5 31. Bd6 Kf7 32. Bxe5 Rxa3+ 33. Bc3 Ra2
34. Bd4 Ra3+ 35. Bc3 Ra2 36. Bd4 Ra3+ 1/2-1/2

[Event "TATA 50th ch-IND National Premier 2012"]
[Site "Kolkata IND"]
[Date "2012.10.13"]
[Round "12.4"]
[White "Deepan, C."]
[Black "Arun Prasad, S."]
[Result "0-1"]
[WhiteElo "2523"]
[BlackElo "2510"]
[PlyCount "72"]
[EventDate "2012.10.01"]
[SourceDate "1999.07.01"]

1. d4 Nf6 2. c4 e6 3. Nc3 Bb4 4. Qc2 O-O 5. a3 Bxc3+ 6. Qxc3 Qe8 7. Nf3 d6 8.
g3 a5 9. b3 a4 10. b4 b5 11. c5 Bb7 12. Bg2 Be4 13. O-O Nd5 14. Qd2 f5 15. Ne1
Bxg2 16. Nxg2 Nc6 17. Qd3 dxc5 18. dxc5 Ne5 19. Qc2 Nc4 20. Bb2 e5 21. Rad1 c6
22. Nh4 Qh5 23. Bc1 Rae8 24. Rd3 f4 25. Ng2 Rf6 26. e4 fxe3 27. Nxe3 Ndxe3 28.
fxe3 Rxf1+ 29. Kxf1 Rf8+ 30. Kg1 e4 31. Rd4 Ne5 32. Rxe4 Rd8 33. Qa2+ Kh8 34.
Qf2 h6 35. Rf4 Rd1+ 36. Kg2 Rxc1 0-1

[Event "Baku Open 2012"]
[Site "Baku AZE"]
[Date "2012.09.28"]
[Round "7.1"]
[White "Korobov, A."]
[Black "Zhigalko, S."]
[Result "0-1"]
[WhiteElo "2705"]
[BlackElo "2667"]
[PlyCount "60"]
[EventDate "2012.09.22"]
[SourceDate "1999.07.01"]

1. d4 Nf6 2. c4 e6 3. Nc3 Bb4 4. Qc2 O-O 5. a3 Bxc3+ 6. Qxc3 d6 7. Nf3 Nbd7 8.
e3 b6 9. Be2 Bb7 10. O-O Ne4 11. Qc2 f5 12. b4 Rf6 13. d5 Rg6 14. Bb2 c5 15.
dxc6 Bxc6 16. Rad1 Qe7 17. g3 e5 18. Nd2 Qh4 19. Bf3 Qh3 20. Rfe1 Rh6 21. Nf1
Nxg3 22. fxg3 Bxf3 23. Rd2 Qg4 24. Qb3 Kh8 25. Rf2 Rc8 26. c5 bxc5 27. Qf7 Nf6
28. Qe6 Rg8 29. Qxd6 Ne4 30. Qxe5 Ng5 0-1

[Event "FIDE WGP Ankara 2012"]
[Site "Ankara TUR"]
[Date "2012.09.28"]
[Round "11"]
[White "Zhao Xue"]
[Black "Kosintseva, T."]
[Result "1/2-1/2"]
[WhiteElo "2549"]
[BlackElo "2524"]
[PlyCount "87"]
[EventDate "2012.09.16"]
[SourceDate "1999.07.01"]

1. d4 Nf6 2. c4 e6 3. Nc3 Bb4 4. Qc2 O-O 5. a3 Bxc3+ 6. Qxc3 d5 7. Nf3 dxc4 8.
Qxc4 b6 9. Bg5 Bb7 10. Rc1 c5 11. e3 Nbd7 12. Be2 cxd4 13. Qxd4 Nc5 14. O-O Qe7
15. Bxf6 Qxf6 16. b4 Ne4 17. Rc7 Bd5 18. Ba6 Nd6 19. Qxf6 gxf6 20. Nd4 Rfd8 21.
Rfc1 Kf8 22. f3 e5 23. Ne2 Be6 24. Ng3 Rd7 25. R7c3 Ke7 26. a4 Rb8 27. Be2 b5
28. Ra1 bxa4 29. Rxa4 Rdb7 30. Rca3 Rxb4 31. Rxb4 Rxb4 32. Rxa7+ Rb7 33. Ra8
Ne8 34. Ra4 Kf8 35. Rh4 Kg7 36. f4 exf4 37. Nh5+ Kf8 38. Rxf4 f5 39. Bd3 Nd6
40. Ng3 Rb3 41. Bxf5 Bxf5 42. Nxf5 Nxf5 43. Rxf5 Rxe3 44. Kf2 1/2-1/2

[Event "21st TCh-CRO 1a 2012"]
[Site "Sibenik CRO"]
[Date "2012.09.26"]
[Round "4.15"]
[White "Kuljasevic, D."]
[Black "Kurajica, B."]
[Result "1/2-1/2"]
[WhiteElo "2555"]
[BlackElo "2556"]
[PlyCount "89"]
[EventDate "2012.09.23"]
[SourceDate "1999.07.01"]
[WhiteTeam "SK Liburnija, Rijeka"]
[BlackTeam "GSK Mravince-Cemex, Mravince"]

1. d4 Nf6 2. c4 e6 3. Nc3 Bb4 4. Qc2 d6 5. Nf3 O-O 6. Bg5 Re8 7. e3 e5 8. Be2
Bg4 9. O-O-O Bxc3 10. Qxc3 Qe7 11. h3 Bxf3 12. Bxf3 e4 13. Be2 Nd5 14. cxd5
Qxg5 15. Qxc7 Qxd5 16. Bc4 Qf5 17. Qxb7 Nc6 18. g4 Na5 19. Qxa8 Qd7 20. Qd5
Nxc4 21. b3 Nb6 22. Qa5 Rf8 23. Rd2 f5 24. gxf5 Rxf5 25. Qc3 Nd5 26. Qc4 h6 27.
Kb1 Kh7 28. Rc1 a5 29. Qc8 Qf7 30. Qa8 Nf6 31. Rc8 Qh5 32. Qa6 Qxh3 33. Qxd6 a4
34. Rc1 axb3 35. axb3 Ng4 36. Qe6 Qf3 37. d5 Rf6 38. Qe7 Nxf2 39. Rxf2 Qxf2 40.
Qxe4+ Qf5 41. Qxf5+ Rxf5 42. Rd1 Re5 43. d6 Re8 44. Kc2 Kg6 45. Kc3 1/2-1/2

[Event "TCh-SUI National A 2012"]
[Site "Switzerland SUI"]
[Date "2012.09.22"]
[Round "6.2"]
[White "Korchnoi, V."]
[Black "Cvitan, O."]
[Result "0-1"]
[WhiteElo "2549"]
[BlackElo "2528"]
[PlyCount "90"]
[EventDate "2012.03.18"]
[SourceDate "1999.07.01"]
[WhiteTeam "Zuerich 1"]
[BlackTeam "Riehen 1"]

1. d4 Nf6 2. c4 e6 3. Nc3 Bb4 4. Qc2 O-O 5. Bg5 c5 6. e3 cxd4 7. exd4 Nc6 8.
Rd1 d5 9. Nf3 h6 10. Bh4 Bd7 11. Be2 dxc4 12. Bxc4 Rc8 13. Bxf6 Qxf6 14. O-O
Rfd8 15. Ne4 Qf4 16. Qe2 Be8 17. a3 Ba5 18. Nc5 Bb6 19. Nxe6 fxe6 20. Bxe6+ Bf7
21. d5 Re8 22. Rfe1 Bxe6 23. dxe6 Rc7 24. b4 Rce7 25. Qa2 Kh8 26. b5 Nd4 27.
Nxd4 Bxd4 28. g3 Qf6 29. Re4 Rxe6 30. Rf4 Re1+ 31. Rxe1 Rxe1+ 32. Kg2 Qd6 33.
Qc4 Bc5 34. Rf7 Qe6 35. Qxe6 Rxe6 36. Rxb7 Re2 37. Rf7 Ra2 38. Rf5 Bxa3 39. h4
Bd6 40. g4 Bc7 41. g5 hxg5 42. hxg5 Kh7 43. Kh3 Kg6 44. Kg4 Ra4+ 45. f4 Bd6 0-1

[Event "DYTM KL Open 2012"]
[Site "Kuala Lumpur MAS"]
[Date "2012.09.22"]
[Round "7.4"]
[White "Paragua, M."]
[Black "Cao, S."]
[Result "1/2-1/2"]
[WhiteElo "2508"]
[BlackElo "2502"]
[PlyCount "187"]
[EventDate "2012.09.18"]
[SourceDate "1999.07.01"]

1. d4 e6 2. c4 Nf6 3. Nc3 Bb4 4. Qc2 O-O 5. e4 d6 6. e5 dxe5 7. dxe5 Nfd7 8.
Nf3 Nc6 9. Bf4 f5 10. O-O-O Bxc3 11. Qxc3 Qe7 12. Bg5 Qc5 13. Be3 Qe7 14. g3
Nc5 15. Qa3 b6 16. Bg2 Bb7 17. Nd4 Nb4 18. Bxb7 Nxb7 19. Nxe6 Nxa2+ 20. Qxa2
Qxe6 21. f4 Rfd8 22. b3 Na5 23. Qc2 g6 24. Rxd8+ Rxd8 25. Rd1 Rxd1+ 26. Qxd1
Nc6 27. Kb2 Kf7 28. Kc3 a5 29. Qd5 Ne7 30. Qd8 Qc6 31. Qh8 h5 32. Bd4 Ke6 33.
Qf6+ Kd7 34. Kb2 Qe4 35. Bc3 Qe3 36. Qf7 Qf2+ 37. Ka3 Qc5+ 38. Ka2 Qc6 39. Bb2
Qe6 40. Qf6 Nc6 41. Bc3 Nb4+ 42. Ka3 Nd3 43. Ka4 Qc6+ 44. Qxc6+ Kxc6 45. Bd4 h4
46. gxh4 Nxf4 47. b4 Ne2 48. Bf2 Nc3+ 49. Kb3 Ne4 50. Be3 Kd7 51. c5 axb4 52.
cxb6 cxb6 53. Kxb4 Ke6 54. Bxb6 Kxe5 55. Kc4 Kf4 56. Kd5 Kg4 57. Bd8 Nd2 58.
Ke5 Nf3+ 59. Kf6 Nxh4 60. Bc7 Kh5 61. Ke5 Nf3+ 62. Kf6 Ng5 63. Ke5 Nh3 64. Kd4
Kg4 65. Ke3 Ng5 66. Kf2 Kh3 67. Be5 Ne6 68. Bd6 g5 69. Be5 Nc5 70. Kf3 Ne6 71.
Kf2 f4 72. Kg1 Nc5 73. Bc7 Ne4 74. Bd8 Kg4 75. Kg2 Nd2 76. h3+ Kf5 77. Kf2 Nc4
78. Be7 Ne5 79. Ke2 Nc6 80. Bc5 Ke4 81. Bb6 Nd4+ 82. Kf2 Ne6 83. Ba5 Nc5 84.
Bd8 Nd3+ 85. Kg2 f3+ 86. Kf1 Kf5 87. Bb6 Nf4 88. Kf2 Ke4 89. Kg3 Nd5 90. Bg1
Ne3 91. Bf2 Ng2 92. Bb6 Ne3 93. Bd8 Nf5+ 94. Kf2 1/2-1/2

[Event "3rd Oliver Gonzalez Mem Open A"]
[Site "Madrid ESP"]
[Date "2012.09.08"]
[Round "8.2"]
[White "Narciso Dublan, M."]
[Black "Kravtsiv, M."]
[Result "0-1"]
[WhiteElo "2523"]
[BlackElo "2581"]
[PlyCount "152"]
[EventDate "2012.09.01"]
[SourceDate "1999.07.01"]

1. d4 Nf6 2. c4 e6 3. Nc3 Bb4 4. Qc2 O-O 5. a3 Bxc3+ 6. Qxc3 b6 7. Bg5 Bb7 8.
f3 h6 9. Bh4 d5 10. e3 Nbd7 11. cxd5 Nxd5 12. Bxd8 Nxc3 13. Bh4 Nd5 14. Bf2 f5
15. Bb5 c6 16. Bd3 c5 17. Ne2 Rac8 18. Kd2 e5 19. Rhc1 Kh8 20. b4 cxd4 21. exd4
Rcd8 22. Bg3 f4 23. Bf2 Rfe8 24. Re1 exd4 25. Be4 N7f6 26. Bxd5 Nxd5 27. Nxd4
Ne3 28. Bxe3 fxe3+ 29. Kc3 Rd7 30. Rad1 e2 31. Rd2 Ba6 32. Kc2 Bc4 33. Kc3 Ba6
34. a4 Re3+ 35. Kc2 Bc4 36. Kb2 a6 37. f4 Rd5 38. h4 Rg3 39. Kc1 Rxg2 40. Nc6
Rf5 41. Rd4 b5 42. Ne5 Bb3 43. axb5 axb5 44. Kd2 Bd1 45. Ke3 Rg3+ 46. Kf2 Rb3
47. Rg1 Kh7 48. Ke1 Rb1 49. Kd2 Rb2+ 50. Ke1 Rb1 51. Kd2 Rb2+ 52. Ke1 Bb3 53.
Rg3 Rxe5 54. fxe5 Bc4 55. Rxc4 bxc4 56. Re3 Rxb4 57. Kxe2 Kg6 58. Rg3+ Kf7 59.
e6+ Kf6 60. h5 Rb7 61. Rg6+ Ke5 62. Kd2 Kd4 63. Kc2 Re7 64. Rg4+ Kd5 65. Kc3
Rxe6 66. Rxg7 Re3+ 67. Kb4 Rb3+ 68. Ka4 Rb8 69. Rd7+ Ke4 70. Rd6 c3 71. Rxh6
Rc8 72. Re6+ Kf5 73. Re1 c2 74. Rc1 Ke4 75. h6 Kd3 76. h7 Kd2 0-1

[Event "40th Olympiad Open"]
[Site "Istanbul TUR"]
[Date "2012.09.04"]
[Round "7.23"]
[White "Leitao, R."]
[Black "Pelletier, Y."]
[Result "1/2-1/2"]
[WhiteElo "2623"]
[BlackElo "2595"]
[PlyCount "124"]
[EventDate "2012.08.28"]
[SourceDate "1999.07.01"]
[WhiteTeam "Brazil"]
[BlackTeam "Switzerland"]
[WhiteTeamCountry "BUR"]
[BlackTeamCountry "BTN"]

1. d4 Nf6 2. c4 e6 3. Nc3 Bb4 4. Qc2 O-O 5. a3 Bxc3+ 6. Qxc3 b6 7. Bg5 Bb7 8.
e3 d6 9. Ne2 Nbd7 10. Qc2 c5 11. Rd1 Qe7 12. Nc3 cxd4 13. Rxd4 h6 14. Bh4 Rfc8
15. f3 Ne5 16. Be2 Nc6 17. Rd1 Na5 18. Qa4 g5 19. Bg3 d5 20. cxd5 exd5 21. Qd4
Nc4 22. Bxc4 Rxc4 23. Qe5 Re8 24. Qxe7 Rxe7 25. Kf2 Kg7 26. Rd2 a6 27. h4 Kg6
28. hxg5 hxg5 29. Rh8 Re8 30. Rxe8 Nxe8 31. Be5 Kf5 32. Bd4 b5 33. g4+ Ke6 34.
Kg3 Nc7 35. Bb6 Rc6 36. Ba5 Rc4 37. Bxc7 Rxc7 38. Ne2 Ke5 39. Nd4 Rc1 40. Rc2
Rxc2 41. Nxc2 Bc8 42. Nd4 f5 43. gxf5 Bxf5 44. b4 Bd7 45. Nb3 Bc8 46. Kf2 g4
47. fxg4 Bxg4 48. Ke1 Bc8 49. Kd2 Bf5 50. Ke2 Bg4+ 51. Kd3 Bf5+ 52. Kd2 Bc8 53.
Kd3 Bf5+ 54. Kc3 Ke4 55. Kd2 Ke5 56. Nc5 d4 57. Nxa6 dxe3+ 58. Kxe3 Be6 59. Nc5
Bc4 60. Nd3+ Kd5 61. Nb2 Bf1 62. a4 bxa4 1/2-1/2